000 00877cam a2200301 a 4500
001 842338
003 OSt
005 20231026113021.0
008 980910s1997 enk|||| |||| 00||0|eng
020 _a9780748733163
020 _a0748733167
040 _aIWA
_cIWA
041 0 9 _aeng
042 _anlmcopyc
082 _aW21 F621l 1987
100 _4Edited by Lindy, McAllister;[et..al]
245 0 0 _aFacilitating Learning in Clinical settings
260 _aCheltenham :
_bStanley Thornes Publishers,
_c1997.
300 _ax, 310 p. :
_bill.
336 _atext
_btxt
_2rdacontent
337 _aunmediated
_bn
_2rdamedia
338 _avolume
_bnc
_2rdacarrier
504 _aIncludes bibliographical references and indexes.
650 1 2 _aClinical Trials
_913409
650 2 2 _aClinical Clerkship
_92932
942 _2ddc
_cO_SHELF
999 _c6527
_d6527